Normal view
MARC view
- Panjabi language
Entry Topical Term
001 - CONTROL NUMBER
- control field: 18903
003 - CONTROL NUMBER IDENTIFIER
- control field: NUST
005 - DATE AND TIME OF LATEST TRANSACTION
- control field: 20190731050522.0
008 - FIXED-LENGTH DATA ELEMENTS
- fixed length control field: 190731|| aca||aabn | a|a d
040 ## - CATALOGING SOURCE
- Original cataloging agency: NUST
- Transcribing agency: NUST
150 ## - HEADING--TOPICAL TERM
- Topical term or geographic name entry element: Panjabi language
- General subdivision: Sentences.
670 ## - SOURCE DATA FOUND
- Source citation: Work cat.: (NUST)0: Cīmā, Baladewa Siṅgha. 18902, Pañjābī wāka prabandha /, 2005.
